00343 2200145 4500001002100000005001500021035002000036245005600056100001100112300001200123260002800135082000800163084001400171990001200185INLIS00000000000185720250515092248 a0010-05250001491 aPrimbon Sabdo Pandito Bahasa Indonesia /cR. Tanojo0 aTanojo a120 hlm aSurabaya :bKarya Utama a130 a130 TAN p a0754823